Дело об открытии школ взаимного обучения в Бессарабии и о передаче этих школ в ведение попечителя Одесского учебного округа

Доступно только в Электронных читальных залах Найти на картеНа карте
RUSMARC
00003543nmc2a2200000 x 450
00154449f5a-2f3e-4727-a714-c24309f3273f
00520160705094331.0
100##$a20150617l18241846k l0rusy0189 ca
1010#$arus
102##$aRU
2001#$aДело об открытии школ взаимного обучения в Бессарабии и о передаче этих школ в ведение попечителя Одесского учебного округа
$j4 февраля 1824 г. - 30 сентября 1846 г.
251##$cДело
300##$aДело
801#0$aRU
$bРГИА
$c20150617
$gRCR
801#1$aRU
$bГлавНИВЦ
$c20150617
$2rusmarc
801#2$aRU
$bПБ им. Б.Н. Ельцина
$c20160705
$gRCR
$2rusmarc
850##$aРГИА
852##$aРГИА
$eФедеральное казенное учреждение "Российский государственный исторический архив" (РГИА)
$j95
937##$hРГИА
$d11556581
$aASBIBLIO_SCAN
462#0$1001a25a632e-e298-49e9-af82-b99ccf4c5441
$12001
$a1818-1830 гг.
$1251
$cОпись
$1852
$j91
461#0$1001a74412a3-3cc5-4d21-8f0a-dfe2fbd9e72d
$12001
$aДепартамент народного просвещения Министерства народного просвещения (1803-1917)
$1251
$cФонд
$1852
$j733
215##$a293 л.
$d36,5х26 см
371##$aДокумент не является опубликованным и широко распространяемым
105##$aу###
1222#$ad
035##$a54449f5a-2f3e-4727-a714-c24309f3273f
Формат отображения